000 00830cam a2200157 4500500
005 20260111090706.0
041 _afre
042 _adc
100 1 0 _aVallin, Pierre
_eauthor
245 0 0 _aFrançois Bédarida, Histoire, critique et responsabilité, Ed. Complexe, Bruxelles, 2003, 360 pages, 21,90 €
260 _c2003.
500 _a41
520 _aRésuméLes Français pensent encore majoritairement que l’Eglise est riche (52 %). Cette perception puise sans doute sa source essentielle dans l’histoire, avec la grande richesse matérielle qu’a pu connaître l’Eglise par le passé. Cette opinion est bien éloignée de la réalité.
786 0 _nÉtudes | 399 | 12 | 2003-12-01 | p. 698x-718x | 0014-1941
856 4 1 _uhttps://shs.cairn.info/revue-etudes-2003-12-page-698x?lang=fr&redirect-ssocas=7080
999 _c1619407
_d1619407